[Event "12. Open de la Constitución"]
[Site "S. Sebastian de los Reyes ESP"]
[Date "2010.12.08"]
[Round "9.15"]
[White "Navarro Rodriguez, Jesus"]
[Black "Galan Aguado, Fernando"]
[Result "1/2-1/2"]
[WhiteElo "1735"]
[BlackElo "1820"]
[PlyCount "62"]
[EventDate "2010.11.30"]
[EventType "swiss"]
[EventRounds "9"]
[EventCountry "ESP"]
[Source "lmi"]
[SourceDate "2010.11.30"]

1. e4 e6 2. Nf3 d5 3. exd5 exd5 4. d4 Bg4 5. Be2 Bd6 6. h3 Bh5 7. Nc3 c6 8. Ng5
Bxe2 9. Qxe2+ Qe7 10. Qxe7+ Nxe7 11. Be3 Nf5 12. O-O O-O 13. a3 Nd7 14. Nf3
Rae8 15. Rae1 Nb6 16. Nd2 Re7 17. g4 Nxe3 18. fxe3 Rfe8 19. Rf3 Nd7 20. e4 dxe4
21. Ndxe4 Bc7 22. Kg2 Bb6 23. Rd3 Kf8 24. Kf3 Nf6 25. Nxf6 Rxe1 26. Nxe8 Rxe8
27. Ne4 Rd8 28. Ke3 Re8 29. c3 g6 30. Kf3 Kg7 31. Re3 Re7 1/2-1/2

[Event "12. Open de la Constitución"]
[Site "S. Sebastian de los Reyes ESP"]
[Date "2010.12.08"]
[Round "9.16"]
[White "Peñalba Blasco, Alvaro"]
[Black "Sebastian Enesco, Alex"]
[Result "0-1"]
[WhiteElo "1709"]
[BlackElo "1814"]
[PlyCount "88"]
[EventDate "2010.11.30"]
[EventType "swiss"]
[EventRounds "9"]
[EventCountry "ESP"]
[Source "lmi"]
[SourceDate "2010.11.30"]

1. d4 b5 2. e4 a6 3. Nf3 Bb7 4. Bd3 e6 5. O-O c5 6. b3 Nc6 7. Bb2 Nb4 8. Re1
Nf6 9. a3 Nxd3 10. cxd3 Be7 11. dxc5 Bxc5 12. d4 Bb6 13. Nc3 O-O 14. h3 Rc8 15.
e5 Nd5 16. Rc1 Qe7 17. Nxd5 Bxd5 18. Qd3 Rc6 19. Nd2 Rfc8 20. Rxc6 Rxc6 21. Re3
a5 22. Rg3 d6 23. f4 f6 24. Nf3 dxe5 25. fxe5 f5 26. Qxb5 Qd7 27. Qd3 Be4 28.
Qe3 Rc2 29. Ba1 Ra2 30. Bc3 Bxf3 31. Rxf3 Rxa3 32. Bb2 a4 33. Qc1 Bxd4+ 34.
Bxd4 Qxd4+ 35. Kh2 Qxe5+ 36. Rf4 Rxb3 37. Qc8+ Kf7 38. Qd7+ Kg6 39. Qxa4 Re3
40. Kg1 Re1+ 41. Kh2 Re4 42. Qe8+ Kh6 43. g3 Re2+ 44. Kh1 Qa1+ 0-1

[Event "12. Open de la Constitución"]
[Site "S. Sebastian de los Reyes ESP"]
[Date "2010.12.08"]
[Round "9.17"]
[White "Balsinde Montemayor, Pablo"]
[Black "Martinez Miura, Enrique"]
[Result "1/2-1/2"]
[WhiteElo "1809"]
[BlackElo "1733"]
[PlyCount "71"]
[EventDate "2010.11.30"]
[EventType "swiss"]
[EventRounds "9"]
[EventCountry "ESP"]
[Source "lmi"]
[SourceDate "2010.11.30"]

1. d4 e6 2. Nf3 h6 3. Bf4 d5 4. Nbd2 Nf6 5. e3 Be7 6. Bd3 Nbd7 7. O-O O-O 8.
Ne5 Nxe5 9. Bxe5 Nd7 10. Qg4 Nxe5 11. dxe5 f5 12. exf6 Rxf6 13. f4 e5 14. Qh5
e4 15. Be2 Bc5 16. Kf2 Rxf4+ 17. Ke1 Bxe3 18. Rxf4 Bxf4 19. g3 Be3 20. Nf1 Bb6
21. Rd1 Be6 22. Qe5 Qf6 23. Qxf6 gxf6 24. Kd2 f5 25. Ne3 d4 26. Nc4 Bxc4 27.
Bxc4+ Kg7 28. Rf1 Kg6 29. Be6 Rf8 30. g4 e3+ 31. Ke2 f4 32. h4 c5 33. Bf5+ Kg7
34. Rxf4 Bd8 35. h5 Re8 36. Re4 1/2-1/2

[Event "12. Open de la Constitución"]
[Site "S. Sebastian de los Reyes ESP"]
[Date "2010.12.08"]
[Round "9.18"]
[White "Anton Quevedo, Andrea"]
[Black "Nieto Esteban, Manuel"]
[Result "0-1"]
[WhiteElo "1406"]
[BlackElo "1790"]
[PlyCount "82"]
[EventDate "2010.11.30"]
[EventType "swiss"]
[EventRounds "9"]
[EventCountry "ESP"]
[Source "lmi"]
[SourceDate "2010.11.30"]

1. e4 e5 2. Nf3 Nc6 3. Bc4 Bc5 4. c3 Nf6 5. d4 exd4 6. O-O O-O 7. cxd4 Be7 8.
d5 Nb8 9. Bf4 Nxe4 10. Nbd2 Nxd2 11. Qxd2 d6 12. Ng5 Nd7 13. Bd3 g6 14. Nf3 Bf6
15. Bh6 Re8 16. Rfe1 Ne5 17. Nxe5 Bxe5 18. Rac1 Bd7 19. Rc4 c5 20. dxc6 Bxc6
21. Be4 d5 22. Bxd5 Qxd5 23. Rg4 Qxd2 24. Bxd2 Bxb2 25. Rb1 Bg7 26. h3 Re2 27.
Be3 Rxa2 28. Bc5 a5 29. Re1 Ra1 30. Rxa1 Bxa1 31. Ba3 Rd8 32. Bc5 Rd1+ 33. Kh2
Be5+ 34. f4 h5 35. Rg3 Bxf4 36. Bb6 Bxg3+ 37. Kxg3 a4 38. Bc5 g5 39. h4 f6 40.
hxg5 fxg5 41. Kh3 Rd3+ 0-1

[Event "12. Open de la Constitución"]
[Site "S. Sebastian de los Reyes ESP"]
[Date "2010.12.08"]
[Round "9.19"]
[White "Palenciano Escolar, Adrian"]
[Black "Orellana Illescas, Julio"]
[Result "0-1"]
[WhiteElo "1568"]
[BlackElo "1787"]
[PlyCount "48"]
[EventDate "2010.11.30"]
[EventType "swiss"]
[EventRounds "9"]
[EventCountry "ESP"]
[Source "lmi"]
[SourceDate "2010.11.30"]

1. e4 c5 2. Nf3 Nc6 3. d4 cxd4 4. Nxd4 Nf6 5. Nc3 e5 6. Nf3 d6 7. Bc4 Be7 8. h3
O-O 9. O-O a6 10. Re1 Qc7 11. Nd5 Nxd5 12. Bxd5 Nb4 13. c3 Nxd5 14. exd5 f5 15.
Be3 f4 16. Bc1 Bf5 17. Qe2 Rae8 18. c4 Bf6 19. Nd2 e4 20. Qf1 Qd7 21. Kh2 g5
22. g3 e3 23. fxe3 fxg3+ 24. Kxg3 Be5+ 0-1

[Event "12. Open de la Constitución"]
[Site "S. Sebastian de los Reyes ESP"]
[Date "2010.12.08"]
[Round "9.30"]
[White "Muñoz Blazquez, Jose"]
[Black "Rodenas Riesco, Alfonso"]
[Result "0-1"]
[WhiteElo "1449"]
[BlackElo "1605"]
[PlyCount "102"]
[EventDate "2010.11.30"]
[EventType "swiss"]
[EventRounds "9"]
[EventCountry "ESP"]
[Source "lmi"]
[SourceDate "2010.11.30"]

1. d4 d6 2. c4 Nf6 3. Nc3 g6 4. e4 Bg7 5. Nf3 O-O 6. e5 dxe5 7. dxe5 Qxd1+ 8.
Nxd1 Ng4 9. Bf4 Nc6 10. Be2 Ngxe5 11. O-O Be6 12. Rc1 Rac8 13. b3 b6 14. Re1
Nxf3+ 15. Bxf3 Nb4 16. Re3 c5 17. a3 Nc6 18. Be4 Bd7 19. Bc2 e5 20. Bg3 Rce8
21. f3 f5 22. Bf2 Bh6 23. Nc3 Bxe3 24. Bxe3 Nd4 25. Bh6 Rf7 26. Kf2 Nxc2 27.
Rxc2 Bc6 28. Rd2 e4 29. Re2 exf3 30. gxf3 Rxe2+ 31. Kxe2 Re7+ 32. Kf2 Kf7 33.
h4 Rd7 34. b4 cxb4 35. axb4 Rd3 36. Nb5 a6 37. Nc7 Rxf3+ 38. Ke2 Rc3 39. c5
bxc5 40. Nxa6 Bb5+ 41. Kd2 Rd3+ 42. Kc2 Bxa6 43. bxc5 Rd8 44. Kc3 Ke6 45. Kb4
Kd5 46. Bf4 Kc6 47. Bd6 Rxd6 48. cxd6 Kxd6 49. Kc3 Ke5 50. Kd2 Kf4 51. Ke1 Kg3
0-1